[Event "Telford 4NCL op 22nd"]
[Site "Telford"]
[Date "2019.07.21"]
[Round "5"]
[White "Blake, J Morgan"]
[Black "Jones, Tibor"]
[Result "1-0"]
[WhiteElo "1976"]
[BlackElo "1857"]
[PlyCount "93"]
[EventDate "2019.07.19"]
[EventType "swiss"]
[EventRounds "5"]
[EventCountry "ENG"]
[SourceTitle "EXT 2020"]
[Source "ChessBase"]
[SourceDate "2019.10.17"]
[SourceVersion "1"]
[SourceVersionDate "2019.10.17"]
[SourceQuality "1"]

1. e4 c5 2. Nf3 Nc6 3. Bb5 e6 4. Bxc6 bxc6 5. 0-0 Ne7 6. Nc3 Ng6 7. d3 e5 8. Ne2 d6 9. Ne1 f5 10. exf5 Bxf5 11. f4 Qd7 12. fxe5 Nxe5 13. d4 cxd4 14. Ng3 Bg4 15. Qxd4 Be7 16. h3 Be6 17. Nh5 0-0-0 18. Nf4 Bf5 19. Ned3 Bf6 20. Qa4 Rde8 21. Bd2 h5 22. Bc3 g5 23. Ng6 Bxd3 24. cxd3 Rhg8 25. Rxf6 Nxg6 26. Qd4 Re6 27. Rxe6 Qxe6 28. Qxa7 Qd5 29. Ba5 Qc5+ 30. Qxc5 dxc5 31. Rc1 Nf4 32. Rxc5 Kd7 33. Rc4 Ra8 34. b4 Kd6 35. h4 Nd5 36. hxg5 Rg8 37. a4 Rxg5 38. Re4 Nc3 39. Rd4+ Nd5 40. Bb6 Ke5 41. Re4+ Kf5 42. a5 Rg7 43. Bd4 Rb7 44. Bc5 Rg7 45. Be3 Nxe3 46. Rxe3 Ra7 47. d4 1-0

[Event "BCF-chT4S 1819 (4NCL)"]
[Site "England"]
[Date "2019.05.06"]
[Round "11.114"]
[White "Jones, Tibor"]
[Black "Smith, Steven J"]
[Result "0-1"]
[WhiteElo "1945"]
[BlackElo "1634"]
[PlyCount "46"]
[EventDate "2018.11.17"]
[EventType "team-swiss"]
[EventRounds "11"]
[EventCountry "ENG"]
[SourceTitle "EXT 2021"]
[Source "ChessBase"]
[SourceDate "2020.10.23"]
[SourceVersion "1"]
[SourceVersionDate "2020.10.23"]
[SourceQuality "1"]
[WhiteTeam "All Anands on Deck"]
[BlackTeam "Wessex III"]
[WhiteTeamCountry "ENG"]
[BlackTeamCountry "ENG"]

1. d4 Nf6 2. Nf3 g6 3. Bg5 Bg7 4. Nbd2 d5 5. e3 0-0 6. Bd3 b6 7. 0-0 Ba6 8. Bxa6 Nxa6 9. c4 c5 10. Qa4 Qc8 11. cxd5 Nxd5 12. Rac1 Qb7 13. Qa3 Rac8 14. Rfe1 h6 15. Bh4 Rfe8 16. Bg3 cxd4 17. exd4 Rxc1 18. Rxc1 Rc8 19. Re1 Nab4 20. Qb3 e6 21. Be5 Qa6 22. a3 Nd3 23. Ra1 Nc1 0-1

[Event "London Classic op 10th"]
[Site "London"]
[Date "2018.12.14"]
[Round "6"]
[White "Willmoth, Robert"]
[Black "Jones, Tibor"]
[Result "1/2-1/2"]
[WhiteElo "2144"]
[BlackElo "1860"]
[PlyCount "115"]
[EventDate "2018.12.09"]
[EventType "swiss"]
[EventRounds "9"]
[EventCountry "ENG"]
[SourceTitle "CBM 187 Extra"]
[Source "ChessBase"]
[SourceDate "2018.11.04"]
[SourceVersion "1"]
[SourceVersionDate "2018.11.04"]
[SourceQuality "1"]

1. d4 d5 2. Nf3 Nf6 3. b3 c5 4. e3 Nc6 5. Bb2 Bg4 6. Nbd2 cxd4 7. exd4 e6 8. a3 Ne4 9. Be2 Nxd2 10. Qxd2 Be7 11. 0-0 0-0 12. Ne5 Bxe2 13. Nxc6 bxc6 14. Qxe2 Qb6 15. b4 Bf6 16. Rad1 a5 17. c3 Qb5 18. Qe3 Rfb8 19. f4 g6 20. Rd2 Qc4 21. g4 Re8 22. Rf3 Bg7 23. g5 Qa2 24. Qd3 Qc4 25. Qxc4 dxc4 26. Rf1 Red8 27. Kg2 Rd5 28. Rff2 h6 29. h4 Bf8 30. Rc2 Bd6 31. Bc1 h5 32. Bd2 Kf8 33. Be3 Rb5 34. Ra2 Rb7 35. Kf3 Bc7 36. Rfe2 Ke7 37. Bf2 Kd7 38. Rab2 Rab8 39. Re1 Bd6 40. Reb1 Kc7 41. Be1 a4 42. Re2 Rb5 43. Rd1 Rf5 44. Re5 Rb5 45. Re4 Rfd5 46. Bg3 Kd7 47. Rde1 Rf5 48. R1e3 Rbd5 49. Bf2 Kc7 50. Re2 Rb5 51. Re5 Kd7 52. Rxf5 exf5 53. Re1 Bc7 54. Rb1 Bd6 55. Be3 Bf8 56. Bd2 Bd6 57. Re1 Bc7 58. Be3 1/2-1/2

[Event "BCF-chT4S 1718 (4NCL)"]
[Site "England"]
[Date "2018.03.25"]
[Round "8.24"]
[White "Jones, Tibor"]
[Black "Cole, Graham"]
[Result "1-0"]
[WhiteElo "1844"]
[BlackElo "1824"]
[PlyCount "55"]
[EventDate "2017.11.11"]
[EventType "team-swiss"]
[EventRounds "11"]
[EventCountry "ENG"]
[SourceTitle "EXT 2020"]
[Source "ChessBase"]
[SourceDate "2019.10.17"]
[SourceVersion "1"]
[SourceVersionDate "2019.10.17"]
[SourceQuality "1"]
[WhiteTeam "All Anands on Deck"]
[BlackTeam "Oxford III"]
[WhiteTeamCountry "ENG"]
[BlackTeamCountry "ENG"]

1. d4 Nf6 2. c4 g6 3. Nc3 Bg7 4. e4 d6 5. f3 0-0 6. Be3 c5 7. Nge2 Nc6 8. d5 Ne5 9. Ng3 h5 10. Be2 a6 11. 0-0 Qa5 12. f4 Neg4 13. Bd2 h4 14. Nh1 Qc7 15. h3 Nh6 16. Qe1 Nh7 17. Qxh4 f5 18. g4 Nf7 19. exf5 gxf5 20. Bd3 e5 21. dxe6 Bxe6 22. gxf5 Bd7 23. Nd5 Qd8 24. f6 Bh6 25. Ne7+ Kh8 26. Ng6+ Kg8 27. Nxf8 Kxf8 28. Bxh7 1-0

[Event "London Classic op 8th"]
[Site "London"]
[Date "2016.12.10"]
[Round "2"]
[White "Peiris, TGM"]
[Black "Jones, Tibor"]
[Result "1-0"]
[WhiteElo "2134"]
[BlackElo "1946"]
[PlyCount "81"]
[EventDate "2016.12.09"]
[EventType "swiss"]
[EventRounds "9"]
[EventCountry "ENG"]
[SourceTitle "CBM 176 Extra"]
[Source "ChessBase"]
[SourceDate "2017.03.02"]
[SourceVersion "1"]
[SourceVersionDate "2017.03.02"]
[SourceQuality "1"]

1. e4 c5 2. Nf3 d6 3. d4 cxd4 4. Nxd4 Nf6 5. Nc3 a6 6. Be3 e6 7. f3 b5 8. a3 Nbd7 9. Qd2 Bb7 10. g4 Nb6 11. g5 Nfd7 12. Bd3 Rc8 13. f4 d5 14. exd5 Nxd5 15. Nxd5 Bxd5 16. Rf1 Nc5 17. Rf2 Ne4 18. Bxe4 Bxe4 19. 0-0-0 g6 20. Nb3 Qxd2+ 21. Rdxd2 Be7 22. Bd4 0-0 23. c3 Bd5 24. Kc2 Rfd8 25. Nc1 Rd7 26. Kd3 Bc5 27. Bxc5 Rxc5 28. Ke3 Rc4 29. Rd4 Rdc7 30. Nd3 Rxd4 31. Kxd4 Rc4+ 32. Ke5 Re4+ 33. Kd6 a5 34. Nc5 Rc4 35. Nd7 Kg7 36. Ne5 Rc8 37. Rd2 Rb8 38. Kc5 Rb7 39. Ng4 Be4 40. Rd8 Bc2 41. Nf6 1-0

[Event "London Classic op 8th"]
[Site "London"]
[Date "2016.12.09"]
[Round "1"]
[White "Jones, Tibor"]
[Black "Gedajlovic, Max"]
[Result "0-1"]
[WhiteElo "1946"]
[BlackElo "2338"]
[PlyCount "58"]
[EventDate "2016.12.09"]
[EventType "swiss"]
[EventRounds "9"]
[EventCountry "ENG"]
[SourceTitle "CBM 176 Extra"]
[Source "ChessBase"]
[SourceDate "2017.03.02"]
[SourceVersion "1"]
[SourceVersionDate "2017.03.02"]
[SourceQuality "1"]

1. d4 Nf6 2. c4 g6 3. Nc3 d5 4. Nf3 Bg7 5. h4 c6 6. cxd5 cxd5 7. Bf4 Nc6 8. e3 0-0 9. Rc1 Bg4 10. Qb3 Na5 11. Qb5 a6 12. Qb4 Bxf3 13. gxf3 Rc8 14. Bd3 Re8 15. Ke2 Nh5 16. Bh2 e5 17. dxe5 Bxe5 18. Bxe5 Rxe5 19. Kd1 d4 20. Ne4 Nc6 21. Qb3 Rc7 22. Rc2 dxe3 23. fxe3 Na5 24. Qa3 Nc4 25. Rxc4 Rxc4 26. Ke2 Rcxe4 27. fxe4 Ng3+ 28. Kf2 Nxh1+ 29. Kg2 Qxh4 0-1